000 00916nam a2200253 i 4500
001 bg
100 1 _aORZECHOWSKI, Tadeusz
245 1 0 _aWymiana ciepła przy wrzeniu na żebrach z mikropowierzchnią strukturalną /
_cTadeusz Orzechowski.
260 _aKielce :
_bWydaw. PŚ,
_c2003.
300 _a160 s. :
_bfot., rys., tab., wykr. ;
_c24 cm.
490 1 _aMonografie, Studia, Rozprawy / Politechnika Świętokrzyska ;
_v39
500 _aNa s. red. i s. 4 okł. błędny i zbędny ISSN. - Streszcz. ang.
504 _aBibliogr. s. 137-149.
650 9 _aInżynieria powierzchni
650 9 _aPrzewodnictwo cieplne
650 9 _aTermodynamika techniczna
650 9 _aWrzenie
830 0 _aMonografie, Studia, Rozprawy (Politechnika Świętokrzyska) ;
_v39
040 _cBPK
041 0 _apol
_beng
080 _a621.1.01:536.7:621.791/.795
942 _cKS
008 s pl f |000 0 pol
999 _c43932
_d43932
856 _uhttp://koha.tu.koszalin.pl/cgi-bin/koha/opac-detail.pl?biblionumber=43932
_yKatalog online BPK